| 000 | 00536nam a22001811a 4500 | ||
|---|---|---|---|
| 001 | 4957 | ||
| 003 | OSt | ||
| 005 | 20260204211955.0 | ||
| 008 | 051011s1985||||cu ||||||b||||||||||spa|| | ||
| 050 | _a636.089 M363h | ||
| 100 | _aGuevara, Claudia Leyva | ||
| 245 | _aHigiene Pecuaria / Claudia Leyva Guevara, Pablo H. Martíanez Morrobal y Esther Cruz Hurtado | ||
| 264 | _aCuba: Pueblo y Educación | ||
| 300 | _a85 p | ||
| 650 | _a1.Veterinaria | ||
| 700 | _aMartíanez Morrobal, Pablo H. II.Hurtado, Esther CruzÌ | ||
| 942 |
_2ddc _cBK |
||
| 999 |
_c4957 _d4957 |
||